ბათუმის შოთა რუსთაველის სახელმწიფო უნივერსიტეტის ბიბლიოთეკა

ახალი ისტორია 1815-1870 : (ბიბ.ჩანაწერი № 56205)

000 -ლიდერი
ფიქსირებული სიგრძის საკონტროლო ველი 01435nam a2200241Ia 4500
001 - საკონტროლო ნომერი
საკონტროლო ველი 23306
003 - საკონტროლო ნომრის იდენტიფიკატორი
საკონტროლო ველი GE_BSU
005 - ბოლო ოპერაციის თარიღი და დრო
საკონტროლო ველი 20251208192844.0
008 - ფიქსირებული სიგრძის მონაცემთა ელემენტები - ზოგადი ინფორმაცია
ფიქსირებული სიგრძის საკონტროლო ველი 181216s1998||||ge |||||||||||||| ||geo||
040 ## - კატალოგიზაციის წყარო
Transcribing agency GE_BSU
041 ## - ენის კოდი
Language code of text/sound track or separate title geo
080 ## - უნივერსალური ათობითი კლასიფიკაციის ინდექსი
Universal Decimal Classification number 94(4)"19"+94(73)"19 კ-95
100 ## - მთავარი ჩანაწერი - პიროვნების სახელი
Personal name კუბლაშვილი, ჯ.
9 (RLIN) 26402
245 ## - ცნობა სათაურის შესახებ
Title ახალი ისტორია 1815-1870 :
Remainder of title ლექციების კურსი ევროპისა და ამერიკის შეერთებული შტატების ახალი დროის ისტორიაში /
Statement of responsibility, etc ჯ. კუბლაშვილი, ტ. ჭიღვარია ; რედ. მ. რეხვიაშვილი.
264 ## - წარმოების, გამოცემის, დისტრიბუციის და სხვა ცნობები
გამოცემის, წარმოების, დისტრიბუციის... ადგილი ქუთაისი :
გამოცემის, წარმოების, დისტრიბუციის... სახელწოდება ქუთაისის გ. ტაბიძის სახ. სააქციო საზ-ბა,
გამოცემის, წარმოების, დისტრიბუციის... თარიღი 1998.
300 ## - ფიზიკური აღწერა
Extent 267 გვ. ;
Dimensions 22 სმ.
653 ## - INDEX TERM--UNCONTROLLED
Uncontrolled term ახალი ისტორია 1815-1870
653 ## - INDEX TERM--UNCONTROLLED
Uncontrolled term ლექციების კურსი ევროპისა და ამერიკის შეერთებული შტატების ახალი დროის ისტორიაში
700 ## - ADDED ENTRY--PERSONAL NAME
Personal name ჭიღვარია, ტ.
Relator term ავტორი
9 (RLIN) 26403
700 ## - ADDED ENTRY--PERSONAL NAME
Personal name რეხვიაშვილი, მ.
Relator term რედაქტორი
9 (RLIN) 26404
942 ## - ADDED ENTRY ELEMENTS (KOHA)
Koha item type წიგნი
Source of classification or shelving scheme
ეგზემპლარები
ჩამოწერის სტატუსი დაკარგული ეგზემპლარის სტატუსი კლასიფიკაციის წყარო ან თაროზე გაწყობის სქემა დაზიანების სტატუსი არ გაიცემა მუდმივი მდებარეობა (დაცვის ადგილი) ამჟამინდელი ადგილსამყოფელი თაროზე განთავსების ადგილი შეძენის თარიღი ღირებულება, შესყიდვის ნორმალური ფასი სრული შენახვის შიფრი შტრიხკოდი ბოლო ოპერაციის თარიღი ეგზემპლარის მიმდევრობითი ნომერი (კეტერი?) ფასის ძალაში შესვლის თარიღი ეგზემპლარის სახეობა საჯარო შენიშვნა
          ბათუმის შოთა რუსთაველის სახელმწიფო უნივერსიტეტის მთავარი ბიბლიოთეკა ბათუმის შოთა რუსთაველის სახელმწიფო უნივერსიტეტის მთავარი ბიბლიოთეკა წიგნსაცავი 2018-12-17 4.00 94(4) კ-95 28295 2018-12-17 28295 2018-12-17 წიგნი 4.00 ₾.